| 000 | 00871cam a22002653a 4500 | ||
|---|---|---|---|
| 001 | 30545 | ||
| 003 | PGUSA | ||
| 005 | 20140828083648.0 | ||
| 008 | 091125s2009||||xxu|||||s|||||000 | eng d | ||
| 040 |
_aPGUSA _beng |
||
| 042 | _adc | ||
| 050 | 4 | _aBX | |
| 100 | 1 | _aUnknown | |
| 245 | 1 | 4 |
_aThe A, B, C. With the Church of England Catechism _h[electronic resource] / _cUnknown |
| 260 |
_bProject Gutenberg, _c2009 |
||
| 506 | _aPublic domain in the USA. | ||
| 516 | _aElectronic text | ||
| 653 | _aEnglish language -- Alphabet -- Juvenile literature -- Early works to 1800 | ||
| 653 | _aReaders (Primary) -- Early works to 1800 | ||
| 653 | _aCatechisms, English -- Early works to 1800 | ||
| 653 | _aChurch of England -- Catechisms -- Early works to 1800 | ||
| 830 | 0 |
_aProject Gutenberg _v30545 |
|
| 856 | 4 | 0 | _uhttp://www.gutenberg.org/ebooks/30545 |
| 942 | _cEB | ||
| 999 |
_c259800 _d259800 |
||